Encyclopedic dictionary of systems and procedures

Wedi'i Gadw mewn:
Manylion Llyfryddiaeth
Fformat: Llyfr
Iaith:Undetermined
Cyhoeddwyd: Englewood Cliffs, New Jersey Prentice-Hall 1996
Pynciau:
Tagiau: Ychwanegu Tag
Dim Tagiau, Byddwch y cyntaf i dagio'r cofnod hwn!
Thư viện lưu trữ: Trung tâm Học liệu Trường Đại học Cần Thơ
LEADER 00545nam a2200169Ia 4500
001 CTU_43497
008 210402s9999 xx 000 0 und d
082 |a 658.5003 
082 |b E56 
245 0 |a Encyclopedic dictionary of systems and procedures 
245 0 |c Prepared by the Prentice-Hall editorial staff 
260 |a Englewood Cliffs, New Jersey 
260 |b Prentice-Hall 
260 |c 1996 
650 |a Cost accounting,Value analysis ( cost control ) 
904 |i Minh, Hải 
980 |a Trung tâm Học liệu Trường Đại học Cần Thơ